000 00422nam a2200181Ia 4500
001 1014
005 20260306140600.0
008 260306t2017||||xx |||||||||||||| ||spa||
041 _aESP
082 _a179.9
_bT81
100 _aTrigo, Tomás
_eAUT
245 0 _aMoral de la persona:
_blas virtudes
260 _c2017
300 _a262 páginas :
_c24 cm.
650 _aGEN
654 _aCHU
942 _cLIB
_dJUS
_fJUS
_2ddc
_n
999 _c1014
_d1014